Loading...

Feature writing /

Bibliographic Details
Main Author: Rao, N. Meera Raghavendra
Format: Printed Book
Language:English
Published: New Delhi : PHI Learning private limited, 2012.
Edition:2nd ed.
Subjects:
LEADER 00651nam a22001817a 4500
008 131227b xxu||||| |||| 00| 0 eng d
999 |c 4837  |d 4837 
020 |a 9788120345799 
082 |a 070.44   |b RAO 
100 |a Rao, N. Meera Raghavendra 
245 |a Feature writing /  |c N. Meera Raghavendra Rao 
250 |a 2nd ed. 
260 |a New Delhi :  |b PHI Learning private limited,  |c 2012. 
300 |a 198p. 
650 |a Feature writing 
650 |a Creative writing 
942 |2 ddc  |c BK 
952 |0 0  |1 0  |2 ddc  |4 0  |6 070_440000000000000_RAO  |7 0  |9 6812  |a MAIN  |b MAIN  |d 2013-12-27  |e Poorna Publications  |g 195.00  |l 6  |m 5  |o 070.44 RAO  |p 6985  |r 2019-03-13  |s 2019-02-12  |t 1  |w 2013-12-27  |y BK